| 000 | 00400nam a2200145 a 4500 | ||
|---|---|---|---|
| 001 | 638 | ||
| 003 | CDMR | ||
| 005 | 20130116135156.0 | ||
| 008 | 130130s1977||||||||||||||||||||||||||||d | ||
| 040 |
_aCDMR _bcat _cCPC GIRONA |
||
| 100 | 1 |
_aCarnegie, Dale _9482 |
|
| 245 | 1 | 0 |
_aCómo hablar bien en público _bEl influir en los hombres de negocios _cCarnegie, Dale |
| 260 |
_c1977 _bEdiciones Cosmos |
||
| 942 | _cMON | ||
| 999 |
_c638 _d638 |
||